| 000 | 01287nam a2200229Ia 4500 | ||
|---|---|---|---|
| 003 | Ost | ||
| 005 | 20260507075244.0 | ||
| 008 | 260507s9999||||xx |||||||||||||| ||und|| | ||
| 040 | _cfsecg | ||
| 041 | _aara | ||
| 082 | _a330 | ||
| 100 |
_aصابر، محمد عبد العليم _eمؤلف |
||
| 245 | 0 |
_aالتسويق والتجارة الالكترونية / _c محمد عبد العليم صابر |
|
| 260 |
_aالاسكندرية: _bدار الفكر الجامعي, _c2009 |
||
| 300 |
_a337 صفحة؛ _bإيضاحات ؛ _c24 سم |
||
| 504 | _aمراجع ص333 | ||
| 520 | _aالاتجاهات الاقتصادية المعاصرة، مفاهيم ومحددات التسويق الالكتروني، مثلث نجاح التسويق الالكتروني،دراسة الجدوى التسويقية، ماهية التجارة الالكترونية، الانترنت والانترانت والاكسترانت، نماذج التجارة الالكترونية بين الاعمال، نظم السداد الاكتروني، البنوك الالكترونية، حالات تطبيقية في التجارة الالكترونية. | ||
| 653 | _aالتجارة | ||
| 653 | _aالتجارة الإلكترونية | ||
| 653 | _aالتسويق | ||
| 942 | _cكتاب | ||
| 999 |
_c43645 _d43645 |
||